000 00296nam a2200121Ia 4500
008 190216s9999||||xx |||||||||||||| ||und||
100 _aRamamurti K S
245 0 _aPerspectives On Modern English Prose
260 _bVikas Publications
_c1993
300 _a108p
650 _aEnglish
942 _cBK
999 _c13682
_d13682